Pharmacy Management: essential for all practice settings (Record no. 5712)

MARC details
000 -LEADER
fixed length control field 00612nam a22002177a 4500
003 - CONTROL NUMBER IDENTIFIER
control field OSt
005 - DATE AND TIME OF LATEST TRANSACTION
control field 20170322151427.0
008 - FIXED-LENGTH DATA ELEMENTS--GENERAL INFORMATION
fixed length control field 170322b xxu||||| |||| 00| 0 eng d
020 ## - INTERNATIONAL STANDARD BOOK NUMBER
International Standard Book Number 9780071494366
020 ## - INTERNATIONAL STANDARD BOOK NUMBER
International Standard Book Number 0071494367
040 ## - CATALOGING SOURCE
Transcribing agency DMLN
082 ## - DEWEY DECIMAL CLASSIFICATION NUMBER
Classification number QV737 D45p 2009
100 ## - MAIN ENTRY--PERSONAL NAME
Personal name Desselle, Shane P.; Zgarrick, David P.
9 (RLIN) 11883
245 ## - TITLE STATEMENT
Title Pharmacy Management: essential for all practice settings
250 ## - EDITION STATEMENT
Edition statement 2nd ed.
260 ## - PUBLICATION, DISTRIBUTION, ETC. (IMPRINT)
Place of publication, distribution, etc. New York; Mcgraw-hill, 2009
300 ## - PHYSICAL DESCRIPTION
Extent xvii,632p; ill:23cm
504 ## - BIBLIOGRAPHY, ETC. NOTE
Bibliography, etc References, & index included
650 ## - SUBJECT ADDED ENTRY--TOPICAL TERM
Topical term or geographic name as entry element Pharmacy management
9 (RLIN) 1569
942 ## - ADDED ENTRY ELEMENTS (KOHA)
Source of classification or shelving scheme Other/Generic Classification Scheme
Koha item type Short Loan
Holdings
Withdrawn status Lost status Source of classification or shelving scheme Damaged status Not for loan Home library Current library Date acquired Source of acquisition Inventory number Total Checkouts Full call number Barcode Date last seen Koha item type
    Other/Generic Classification Scheme     Pharmacy Department Library Pharmacy Department Library 22/03/2017   11/00223   QV737 D45p 2009 2017-0467 22/03/2017 Short Loan
    Other/Generic Classification Scheme     Pharmacy Department Library Pharmacy Department Library 22/03/2017   11/00224   QV737 D45p 2009 2017-0468 22/03/2017 Short Loan